PHARMACEUTICS -| (Record no. 7327)
[ view plain ]
| 000 -LEADER | |
|---|---|
| fixed length control field | 00299nam a2200133Ia 4500 |
| 008 - FIXED-LENGTH DATA ELEMENTS--GENERAL INFORMATION | |
| fixed length control field | 150301s2015 xx 000 0 und d |
| 082 ## - DEWEY DECIMAL CLASSIFICATION NUMBER | |
| Classification number | 615.7 |
| Item number | P13G |
| 100 ## - MAIN ENTRY--PERSONAL NAME | |
| Personal name | GUPTA, A.K |
| 245 ## - TITLE STATEMENT | |
| Title | PHARMACEUTICS -| |
| 260 ## - PUBLICATION, DISTRIBUTION, ETC. (IMPRINT) | |
| Name of publisher, distributor, etc. | CBS- DELHI |
| 300 ## - PHYSICAL DESCRIPTION | |
| Extent | 310 |
| 650 ## - SUBJECT ADDED ENTRY--TOPICAL TERM | |
| Topical term or geographic name as entry element | PHARMACEUTICS |
| 942 ## - ADDED ENTRY ELEMENTS (KOHA) | |
| Source of classification or shelving scheme | Dewey Decimal Classification |
| Koha item type | Books |
| Koha issues (borrowed), all copies | 11 |
| Withdrawn status | Lost status | Source of classification or shelving scheme | Damaged status | Not for loan | Collection code | Home library | Current library | Date acquired | Source of acquisition | Cost, normal purchase price | SGTU | Bill Number | Total Checkouts | Full call number | Barcode | Date last seen | Date last checked out | Bill Date | Koha item type | Public note |
|---|---|---|---|---|---|---|---|---|---|---|---|---|---|---|---|---|---|---|---|---|
| Dewey Decimal Classification | PHARMACY | SGT FA-FP Library | SGT FA-FP Library | 02/07/2015 | ABC-DELHI | 190.00 | SGTU | 5588 | 14 | 615.7 P13G | FP1371 | 11/12/2025 | 10/12/2025 | 04/04/2015 | Books | DEAR AJRUDDIN YOUR BOOKS ARE LAT | ||||
| Dewey Decimal Classification | PHARMACY | SGT FA-FP Library | SGT FA-FP Library | 02/07/2015 | ABC-DELHI | 190.00 | SGTU | 5588 | 16 | 615.7 P13G | FP1372 | 08/01/2025 | 25/12/2024 | 04/04/2015 | Books | |||||
| Dewey Decimal Classification | PHARMACY | SGT FA-FP Library | SGT FA-FP Library | 02/07/2015 | ABC-DELHI | 190.00 | SGTU | 5588 | 20 | 615.7 P13G | FP1373 | 12/12/2025 | 28/11/2025 | 04/04/2015 | Books | |||||
| Dewey Decimal Classification | PHARMACY | SGT FA-FP Library | SGT FA-FP Library | 02/07/2015 | ABC-DELHI | 190.00 | SGTU | 5588 | 21 | 615.7 P13G | FP1374 | 05/12/2025 | 28/11/2025 | 04/04/2015 | Books | |||||
| Dewey Decimal Classification | PHARMACY | SGT FA-FP Library | SGT FA-FP Library | 02/07/2015 | ABC-DELHI | 190.00 | SGTU | 5588 | 23 | 615.7 P13G | FP1375 | 01/01/2025 | 25/12/2024 | 04/04/2015 | Books |